| 000 | 00821nam a22002537a 4500 | ||
|---|---|---|---|
| 999 |
_c15647 _d15647 |
||
| 003 | MIRAKIL | ||
| 005 | 20240314122406.0 | ||
| 008 | 240314b tu ||||| |||| 00| 0 tur d | ||
| 020 | _a9789751625878 | ||
| 040 |
_aTR-AnCHP _cTR-AnCHP |
||
| 041 | _atur | ||
| 082 |
_a910.4 _bK23e 2022 |
||
| 100 | _aKahraman, Seyit Ali | ||
| 245 | 1 | 0 |
_aEvliya Çelebi ile devr-i âlem / _cSeyit Ali Kahraman. |
| 260 |
_aAnkara : _bTürk Dil Kurumu, _c2022. |
||
| 300 |
_a251 s. : _bres. ; _c24 cm. |
||
| 490 | 0 |
_aTürk Dil Kurumu Yayınları ; _v1087. |
|
| 504 | _aKaynakça: 251. s. | ||
| 600 | 1 | 4 |
_92753 _aEvliya Çelebi _d1611-1682. _xİnceleme |
| 650 | 0 |
_97764 _aSeyehatname |
|
| 650 | 0 |
_97522 _aGezi yazıları |
|
| 856 | _zDijital Nüshası için Partimizin Kütüphane Sorumlusu ile iletişime geçiniz. | ||
| 942 |
_2ddc _cBKS |
||